Ineficacia, anomia y fuentes del derecho

Detalles Bibliográficos
Autor principal: Gonzalez Ordovas, Maria Jose
Formato: Desconocido
Lenguaje:español
Publicado: Madrid : Dykinson, 2003
Materias:
Acceso en línea:Acceso restringido

MARC

LEADER 00000ny a22000003n 4500
005 20110621112842.0
006 m u
007 cr cn|||||||||
008 200508r2003 sp |||||s|||||||||||spa d
020 |a 9788497721134 
035 |a 288 
040 |a FlNmELB  |c FlNmELB  |d vlex 
050 1 4 |a K281  |b G633 2003eb 
080 |a 340.11 
090 |c 1309  |d 1309 
100 1 |a Gonzalez Ordovas, Maria Jose 
245 1 0 |a Ineficacia, anomia y fuentes del derecho  |h [Recurso electrn̤ico]  |c Maria Jose Gonzalez Ordovas 
256 |a Servicio en ln̕ea 
260 |a Madrid :  |b Dykinson,  |c 2003 
300 |a [9]-128 p 
506 1 |a Contenido solo disponible en los productos indicados  |d vLex Global  |d vLex Global (Academic Edition, excluding Law Schools)  |d vLex Global (U.S. Academic Edition, Law Schools)  |d vLex Global (U.S. Academic Edition, excluding Law Schools)  |d vLex Global (Academic Edition, Law Schools) 
650 0 7 |a Filosofa̕ del derecho  |2 Tesauro vLex 
650 0 7 |a Fuentes del derecho Civil  |2 Tesauro vLex 
740 0 |a vLex Libros (Servicios en ln̕ea) 
856 4 0 |u http://vlex.com/source/288  |z Acceso restringido 
942 |c BOOK